00622nam a22001937a 450000500170000002000250001703500170004203700210005908200060008024500980008625000080018426000350019227000840022730000340031144000290034570000190037470000170039370000180041020110413143459.0 a9788184791327c25.00 aB-432259-263 aBlueberry Books  aS aHow the Earth was filled wih music /cretold and illustrated by Geetika Jain and Aranya Jain a2nd aNew DelhibPratham Booksc2010 a633-634, 4th 'C' Main, 6th 'B' Cross, OMBR Layout, BanaswadibBangaloree560043 a28p. c28cm. (pbk)bcol. ill. a Legends of the Americas aJain, Geetika  aJain, Aranya aJain, Aranya